[Event "Sao Paulo Pascoa op"]
[Site "Sao Paulo"]
[Date "2024.03.29"]
[Round "1"]
[White "Fernandes de Sousa, Julio Cesar"]
[Black "Regiani, Rafael"]
[Result "1-0"]
[WhiteElo "2162"]
[BlackElo "1682"]
[PlyCount "31"]
[EventDate "2024.03.29"]
[EventType "swiss"]
[EventRounds "6"]
[EventCountry "BRA"]
[SourceTitle "CB14_2024"]
[SourceDate "2024.04.01"]
[SourceVersion "1"]
[SourceVersionDate "2024.04.01"]
[SourceQuality "1"]

1. Nf3 d5 2. g3 Nc6 3. d4 Bf5 4. Bg2 e6 5. 0-0 h5 6. c4 Be7 7. Nc3 h4 8. cxd5 exd5 9. Qb3 hxg3 10. fxg3 Bh3 11. Bxh3 Rxh3 12. Qxb7 Nb4 13. Nb5 Rb8 14. Nxc7+ Kf8 15. Ng5 Rxb7 16. Nge6# 1-0

[Event "BRA-ch Amateur U1600"]
[Site "Sao Paulo"]
[Date "2022.06.18"]
[Round "6"]
[White "Brito, Nicolas Neres"]
[Black "Regiani, Rafael"]
[Result "1-0"]
[WhiteElo "1239"]
[BlackElo "1431"]
[PlyCount "93"]
[EventDate "2022.06.16"]
[EventType "swiss"]
[EventRounds "7"]
[EventCountry "BRA"]
[SourceTitle "CBM 208 Extra"]
[Source "ChessBase"]
[SourceDate "2022.07.31"]
[SourceVersion "1"]
[SourceVersionDate "2022.07.31"]
[SourceQuality "1"]

1. e4 e5 2. Nf3 Nc6 3. d4 exd4 4. Bc4 Bb4+ 5. c3 d5 6. exd5 Qe7+ 7. Qe2 dxc3 8. bxc3 Na5 9. Bb5+ c6 10. dxc6 Qxe2+ 11. Kxe2 bxc6 12. cxb4 cxb5 13. bxa5 Ba6 14. Re1 0-0-0 15. Kf1 Nf6 16. Bb2 Nd5 17. Nbd2 Nb4 18. Re7 Rhe8 19. Rxf7 Nd3 20. Bd4 b4 21. Rxa7 Nc5+ 22. Kg1 Rxd4 23. Ra8+ Kd7 24. Rxe8 Rxd2 25. Nxd2 Kxe8 26. Re1+ Kf7 27. Nb3 Na4 28. Re4 Nc3 29. Rxb4 Nxa2 30. Rb6 Bc4 31. a6 Bd5 32. a7 Nc3 33. Nc5 Ne2+ 34. Kf1 Nf4 35. Rb7+ Kg6 36. a8Q Bxg2+ 37. Ke1 Bf3 38. Qe8+ Kg5 39. Ne6+ Nxe6 40. Qxe6 Bxb7 41. Qe7+ Kh5 42. Qxb7 g5 43. Qxh7+ Kg4 44. f3+ Kxf3 45. Qf5+ Kg2 46. Qg4+ Kxh2 47. Kf2 1-0

[Event "Osasco Carvalho Memorial"]
[Site "Osasco"]
[Date "2022.02.19"]
[Round "4"]
[White "Da Cruz, Antonio Gustavo Nas"]
[Black "Regiani, Rafael"]
[Result "0-1"]
[WhiteElo "1800"]
[BlackElo "1461"]
[PlyCount "56"]
[EventDate "2022.02.18"]
[EventType "swiss"]
[EventRounds "6"]
[EventCountry "BRA"]
[SourceTitle "CBM 207 Extra"]
[Source "ChessBase"]
[SourceDate "2022.05.31"]
[SourceVersion "1"]
[SourceVersionDate "2022.05.31"]
[SourceQuality "1"]

1. d4 d5 2. e3 Nc6 3. a3 e5 4. Nf3 Bg4 5. Bd3 e4 6. Bb5 exf3 7. gxf3 Bd7 8. Rg1 Nce7 9. Bxd7+ Qxd7 10. b3 Qh3 11. Rh1 Qg2 12. Ke2 Nf5 13. Nc3 Nh4 14. Kd3 Nxf3 15. Nxd5 Ne5+ 16. dxe5 Qxd5+ 17. Ke2 Qxe5 18. Rb1 Rd8 19. Qe1 Qh5+ 20. f3 Be7 21. Qg1 Bf6 22. Bb2 Qf5 23. e4 Qb5+ 24. c4 Qxb3 25. Bxf6 Qc2+ 26. Ke1 Qxb1+ 27. Kf2 Qc2+ 28. Ke1 Rd1# 0-1

[Event "Osasco Carvalho Memorial"]
[Site "Osasco"]
[Date "2022.02.18"]
[Round "1"]
[White "Regiani, Rafael"]
[Black "De Sousa, Leonardo Henrique M"]
[Result "1-0"]
[WhiteElo "1461"]
[BlackElo "1800"]
[PlyCount "134"]
[EventDate "2022.02.18"]
[EventType "swiss"]
[EventRounds "6"]
[EventCountry "BRA"]
[SourceTitle "CBM 207 Extra"]
[Source "ChessBase"]
[SourceDate "2022.05.31"]
[SourceVersion "1"]
[SourceVersionDate "2022.05.31"]
[SourceQuality "1"]

1. e4 c5 2. Nf3 d6 3. d4 cxd4 4. Nxd4 g6 5. Nc3 Bg7 6. Be2 Nf6 7. 0-0 0-0 8. f4 Nc6 9. f5 Qb6 10. Be3 e5 11. fxe6 fxe6 12. Qd2 Nxe4 13. Nxe4 Nxd4 14. Rxf8+ Kxf8 15. Bxd4 Qxd4+ 16. Qxd4 Bxd4+ 17. Kf1 d5 18. c3 Be5 19. Ng5 Kg7 20. Bb5 a6 21. Ba4 b5 22. Bc2 Bb7 23. Nxe6+ Kh6 24. h3 Re8 25. Nc5 Rf8+ 26. Ke2 Bc8 27. a4 Bg3 28. Rf1 Re8+ 29. Kd2 bxa4 30. Bxa4 Re7 31. b4 Bd6 32. Rf6 Be5 33. Rf3 Rc7 34. Bb3 d4 35. c4 Rc6 36. Nd3 Bd6 37. c5 Bc7 38. Bd5 Bb7 39. Bxc6 Bxc6 40. Rf6 Bb5 41. c6 Kg7 42. Re6 Kf7 43. Nc5 Bb6 44. Re4 Bxc6 45. Rxd4 Bxg2 46. Rd6 Bxc5 47. bxc5 Bxh3 48. Rxa6 h5 49. Ke3 h4 50. Kf4 g5+ 51. Kxg5 Bc8 52. Rc6 Bd7 53. Rd6 Ke7 54. Kxh4 Be8 55. Kg5 Bd7 56. Kf4 Be8 57. Ke5 Bd7 58. c6 Bxc6 59. Rxc6 Kd7 60. Kd5 Ke7 61. Rd6 Kf7 62. Re6 Kg7 63. Ke5 Kh7 64. Rf6 Kg7 65. Kf5 Kh7 66. Ke6 Kg7 67. Ke7 Kh7 1-0